000 00799nas a2200289 454500
001 IICA0700935
003 BR-BrBNA
005 20260323111553.0
007 ta
008 260323b bl.|||p| |||| 00| 00por d
040 _aBR-BrBNA
_bpor
_cBiblioteca Nacional de Agricultura
041 _a(En)
072 _aJ12
100 1 _aVenator, C.R.
245 1 _aFormation of root storage organs and sprouts in Pinus oocarpa seedlings
300 _av. 27(1) p. 41-45
650 _aPINHEIRO
650 _aPINUS OOCARPA
650 _aSEMENTE
650 _aRAIZ
650 _aBROTO
650 _aPLANTULA
650 _aARMAZENAMENTO
773 0 _tTURRIALBA (IICA)
_X0041-4360
_g(Jan-Mar 1977), v. 27(1) p. 41-45
_wIICA0700935
909 _a202603
_bLúcia
_c55
_dLúcia Elande
942 _2IICA
_n0
_cANA
999 _c340919
_d340919